Statistics for Rugby: Cyprus's World Record

Click here to take the quiz!

General Stats

  • This quiz has been taken 10 times
  • The average score is 7 of 12

Answer Stats

yearscorenation% Correct
201033-13Greece
100%
201249-8Slovenia
80%
201155-8Bulgaria
70%
200933-7Slovakia
60%
201170-10Finland
60%
201254-20Austria
60%
201430-10Andorra
60%
201150-0Luxembourg
40%
201316-15Hungary
40%
200837-3Azerbaijan
30%
200824-3Monaco
30%
20098-6Bosnia and
Herzegovina
20%

Score Distribution

Percentile by Number Answered

Percent of People with Each Score

Your Score History

You have not taken this quiz